[Event "Tashkent zt 3.4 (Women)"]
[Site "Tashkent"]
[Date "2011.06.08"]
[Round "1"]
[White "Qurbonboeva, Sarvinoz"]
[Black "Davletbayeva, Madina"]
[Result "1/2-1/2"]
[WhiteElo "2073"]
[BlackElo "2234"]
[PlyCount "97"]
[EventDate "2011.06.08"]
[EventType "swiss"]
[EventRounds "9"]
[EventCountry "UZB"]
[SourceTitle "CBM 142 Extra"]
[Source "ChessBase"]
[SourceDate "2011.06.27"]
[SourceVersion "1"]
[SourceVersionDate "2011.06.27"]
[SourceQuality "1"]

1. c4 Nf6 2. Nc3 g6 3. g3 Bg7 4. Bg2 0-0 5. Nf3 d6 6. 0-0 Nc6 7. d3 Bf5 8. Rb1 Qd7 9. b4 a6 10. Nd5 Nxd5 11. cxd5 Nd8 12. Bb2 c6 13. Bxg7 Kxg7 14. Nd4 cxd5 15. Bxd5 Bh3 16. Bg2 Bxg2 17. Kxg2 Rc8 18. Qd2 e5 19. Nf3 Ne6 20. Rfc1 Qa4 21. Qb2 f6 22. e4 Qd7 23. h3 d5 24. Rxc8 Rxc8 25. Rc1 dxe4 26. dxe4 Rxc1 27. Qxc1 Qc7 28. Qxc7+ Nxc7 29. a4 Kf7 30. Ne1 Ne6 31. Nd3 Ke7 32. f4 exf4 33. gxf4 Kd6 34. Kf3 b6 35. Ke3 g5 36. fxg5 fxg5 37. Kf3 h5 38. Kg3 a5 39. bxa5 bxa5 40. Kf3 Nd4+ 41. Ke3 Nc6 42. Ne1 Kc5 43. Nf3 g4 44. hxg4 hxg4 45. Nd2 Kb4 46. Kf4 Kxa4 47. Nc4 Kb4 48. Nxa5 Kxa5 49. Kxg4 1/2-1/2

[Event "UZB-ch (Women)"]
[Site "Tashkent"]
[Date "2011.05.23"]
[Round "3"]
[White "Qurbonboeva, Sarvinoz"]
[Black "Muminova, Nafisa"]
[Result "1/2-1/2"]
[WhiteElo "2073"]
[BlackElo "2346"]
[PlyCount "86"]
[EventDate "2011.05.21"]
[EventType "tourn"]
[EventRounds "11"]
[EventCountry "UZB"]
[SourceTitle "CBM 142 Extra"]
[Source "ChessBase"]
[SourceDate "2011.06.27"]
[SourceVersion "1"]
[SourceVersionDate "2011.06.27"]
[SourceQuality "1"]

1. c4 e6 2. Nc3 d5 3. d4 c6 4. cxd5 exd5 5. Nf3 Bf5 6. Bg5 Qb6 7. Qd2 Bd6 8. e3 Nd7 9. Na4 Qb4 10. Qxb4 Bxb4+ 11. Nc3 Ngf6 12. a3 Bd6 13. Bxf6 Nxf6 14. Rd1 0-0 15. Bd3 Be6 16. 0-0 Rfe8 17. h3 h6 18. Rfe1 Nd7 19. e4 dxe4 20. Nxe4 Bf8 21. b4 Bd5 22. Nfd2 Re6 23. Nc5 Nxc5 24. dxc5 Rxe1+ 25. Rxe1 a5 26. Bc4 axb4 27. axb4 Bxc4 28. Nxc4 Ra4 29. Re8 Rxb4 30. Nd6 g6 31. Rb8 Rb1+ 32. Kh2 Rc1 33. Rxb7 Rxc5 34. Nxf7 Rf5 35. Nd8 c5 36. Kg1 Rf6 37. Rc7 Rd6 38. Rc8 Rd1+ 39. Kh2 Rd6 40. Nb7 Rd5 41. Nd8 Rd6 42. Nb7 Rd5 43. Nd8 Rd6 1/2-1/2

[Event "Tashkent New Year-B"]
[Site "Tashkent"]
[Date "2010.12.24"]
[Round "4"]
[White "Qurbonboeva, Sarvinoz"]
[Black "Alikulov, Elbek"]
[Result "0-1"]
[WhiteElo "2014"]
[BlackElo "2177"]
[PlyCount "78"]
[EventDate "2010.12.21"]
[EventType "swiss"]
[EventRounds "9"]
[EventCountry "UZB"]
[SourceTitle "EXT 2013"]
[Source "ChessBase"]
[SourceDate "2012.11.22"]
[SourceVersion "1"]
[SourceVersionDate "2012.11.22"]
[SourceQuality "1"]

1. c4 Nf6 2. Nc3 g6 3. Nf3 Bg7 4. g3 0-0 5. Bg2 d6 6. d3 e5 7. 0-0 Nc6 8. Rb1 Nd4 9. b4 Re8 10. Bb2 Ne6 11. e3 g5 12. Ne4 Nd7 13. h4 h6 14. hxg5 hxg5 15. Bh3 Ndf8 16. Nh2 c6 17. Qh5 d5 18. Nd2 Nh7 19. Ng4 Nef8 20. f4 Bxg4 21. Bxg4 exf4 22. Bxg7 Kxg7 23. exf4 Re3 24. Rf3 Qe7 25. Rbf1 Rxf3 26. Rxf3 Ng6 27. f5 Ne5 28. f6+ Nxf6 29. Qxg5+ Ng6 30. Nf1 Qe5 31. Bf5 Rh8 32. Re3 Qd4 33. Bxg6 fxg6 34. Qe5 Qxe5 35. Rxe5 Kf7 36. Nh2 Rxh2 37. cxd5 cxd5 38. Re1 Rxa2 39. Rc1 b6 0-1

[Event "UZB-ch U20 Girls"]
[Site "Tashkent"]
[Date "2010.09.16"]
[Round "12"]
[White "Qurbonboeva, Sarvinoz"]
[Black "Afolayyan, Marjona"]
[Result "1-0"]
[WhiteElo "2031"]
[BlackElo "1951"]
[PlyCount "119"]
[EventDate "2010.09.05"]
[EventType "tourn"]
[EventRounds "13"]
[EventCountry "UZB"]
[SourceTitle "CBM 138 Extra"]
[Source "ChessBase"]
[SourceDate "2010.10.29"]
[SourceVersion "1"]
[SourceVersionDate "2010.10.29"]
[SourceQuality "1"]

1. c4 e6 2. Nc3 d5 3. d4 Nf6 4. Nf3 dxc4 5. e3 Be7 6. Bxc4 0-0 7. 0-0 c5 8. Qe2 Nc6 9. Rd1 cxd4 10. Nxd4 Nxd4 11. exd4 Bd7 12. d5 exd5 13. Nxd5 Re8 14. Nxf6+ Bxf6 15. Qh5 Qe7 16. Qxf7+ Qxf7 17. Bxf7+ Kxf7 18. Rxd7+ Re7 19. Rxe7+ Kxe7 20. Be3 a6 21. Rc1 Rd8 22. b4 Be5 23. g3 Rd3 24. Kf1 Ke6 25. Ke2 Ra3 26. Rc2 Bd6 27. Bc1 Ra4 28. a3 a5 29. bxa5 Rxa5 30. Rc3 Be5 31. Rb3 Rc5 32. Be3 Rc2+ 33. Kd3 Rb2 34. Rxb2 Bxb2 35. a4 Kd5 36. g4 Bf6 37. f4 Be7 38. h3 Bf6 39. Bf2 Ba1 40. h4 Bb2 41. h5 Ba1 42. Bb6 Bb2 43. Ke3 Bc3 44. Kf3 Bb2 45. g5 Bc1 46. Bc7 Bb2 47. Kg4 Ke6 48. f5+ Ke7 49. Kf3 h6 50. gxh6 gxh6 51. Ke4 Kf6 52. Bf4 Kf7 53. Bxh6 Bh8 54. Bg5 Ba1 55. f6 Bxf6 56. Bxf6 Kxf6 57. Kd5 Kg5 58. Kc5 Kxh5 59. Kb6 Kg5 60. Kxb7 1-0

[Event "UZB-ch U20 Girls"]
[Site "Tashkent"]
[Date "2010.09.09"]
[Round "5"]
[White "Qurbonboeva, Sarvinoz"]
[Black "Sabirova, Jannet"]
[Result "1/2-1/2"]
[WhiteElo "2031"]
[BlackElo "1810"]
[PlyCount "95"]
[EventDate "2010.09.05"]
[EventType "tourn"]
[EventRounds "13"]
[EventCountry "UZB"]
[SourceTitle "CBM 138 Extra"]
[Source "ChessBase"]
[SourceDate "2010.10.29"]
[SourceVersion "1"]
[SourceVersionDate "2010.10.29"]
[SourceQuality "1"]

1. c4 Nf6 2. Nc3 g6 3. d4 c5 4. d5 e6 5. Nf3 exd5 6. cxd5 d6 7. Bg5 Bg7 8. e4 0-0 9. Bd3 a6 10. a4 Nbd7 11. 0-0 Qc7 12. b3 Re8 13. Rc1 Rb8 14. Re1 Qa5 15. Bd2 Qc7 16. h3 Ne5 17. Nxe5 Rxe5 18. f4 Re8 19. Qf3 Nd7 20. Kh1 Qa5 21. Re2 Qb4 22. Bc4 Qb6 23. Rf1 Qd8 24. Be1 Qf6 25. Rc2 Re7 26. Bd2 Qd4 27. Be3 Qf6 28. Bc1 Nb6 29. e5 Qh4 30. exd6 Re1 31. Bd2 Rxf1+ 32. Bxf1 Bf5 33. Bd3 Bd7 34. Be4 Re8 35. Rc1 h5 36. Be1 Qf6 37. Bf2 Qxd6 38. Ne2 Rc8 39. Qd3 c4 40. bxc4 Nxa4 41. Qb3 b5 42. cxb5 Rxc1+ 43. Nxc1 Bxb5 44. Be3 Qe7 45. Bf3 Bb2 46. Na2 Bg7 47. Nb4 Bf6 48. Nc6 1/2-1/2

[Event "UZB-ch (Women)"]
[Site "Tashkent"]
[Date "2010.05.16"]
[Round "11"]
[White "Baymuratova, Sevara"]
[Black "Qurbonboeva, Sarvinoz"]
[Result "1-0"]
[WhiteElo "2073"]
[BlackElo "2011"]
[PlyCount "85"]
[EventDate "2010.05.16"]
[EventType "tourn"]
[EventRounds "11"]
[EventCountry "UZB"]
[SourceTitle "EXT 2011"]
[Source "ChessBase"]
[SourceDate "2010.11.26"]
[SourceVersion "1"]
[SourceVersionDate "2010.11.26"]
[SourceQuality "1"]

1. d4 Nf6 2. c4 g6 3. Nc3 Bg7 4. e4 d6 5. Nf3 0-0 6. Be2 Nbd7 7. 0-0 e5 8. a3 Ng4 9. Bg5 f6 10. Bc1 Nh6 11. h3 c6 12. dxe5 dxe5 13. b4 f5 14. c5 f4 15. Qb3+ Kh8 16. Bb2 Qe7 17. Rfd1 Re8 18. Rd2 Nf8 19. Bc4 g5 20. Rad1 Ng6 21. Ne2 g4 22. hxg4 Bxg4 23. Rd6 Rf8 24. Be6 Bxf3 25. Qxf3 Qg5 26. Bc1 Bf6 27. Qh3 Be7 28. Rd7 Rad8 29. Ng3 Qh4 30. Qxh4 Nxh4 31. Nh5 Ng6 32. Bb2 Nf7 33. Bf5 Rxd7 34. Rxd7 Rd8 35. Bxg6 Rxd7 36. Bxf7 Bf6 37. Nxf6 Rxf7 38. Bxe5 Re7 39. Bc3 Kg7 40. Nd5+ Kf7 41. Nxe7 Kxe7 42. Be5 Ke6 43. Bxf4 1-0

[Event "UZB-ch (Women)"]
[Site "Tashkent"]
[Date "2010.05.16"]
[Round "5"]
[White "Ergasheeva, Sarvinos"]
[Black "Qurbonboeva, Sarvinoz"]
[Result "1/2-1/2"]
[WhiteElo "2008"]
[BlackElo "2011"]
[PlyCount "171"]
[EventDate "2010.05.16"]
[EventType "tourn"]
[EventRounds "11"]
[EventCountry "UZB"]
[SourceTitle "EXT 2011"]
[Source "ChessBase"]
[SourceDate "2010.11.26"]
[SourceVersion "1"]
[SourceVersionDate "2010.11.26"]
[SourceQuality "1"]

1. c4 Nf6 2. Nc3 g6 3. g3 Bg7 4. Bg2 0-0 5. Nf3 c5 6. 0-0 Nc6 7. d3 d6 8. Rb1 Bd7 9. a3 a5 10. Bd2 Qc8 11. Re1 Bh3 12. Bh1 h6 13. Nd5 Nxd5 14. cxd5 Nb8 15. Qc1 g5 16. Bc3 f6 17. b4 axb4 18. axb4 b6 19. d4 cxb4 20. Rxb4 Nd7 21. Qb2 f5 22. e3 Qe8 23. Nd2 Rb8 24. f4 Qg6 25. Nc4 h5 26. Bg2 Bxg2 27. Qxg2 Kh7 28. Reb1 Rfc8 29. Ba1 Rg8 30. Nxb6 Nxb6 31. Rxb6 Rxb6 32. Rxb6 gxf4 33. exf4 Qg4 34. Rb1 Bh6 35. Re1 Rg7 36. Qe2 Qxe2 37. Rxe2 Bxf4 38. Kf2 Bg5 39. Bc3 Bf6 40. Kf3 Rg8 41. Ra2 Rc8 42. Ra3 Kg6 43. h3 Rb8 44. Ke3 Rb1 45. Ra1 Rb5 46. Ra5 Rb3 47. Kd3 Rb1 48. Ra1 Rxa1 49. Bxa1 h4 50. gxh4 Bxh4 51. Ke3 Bg5+ 52. Kf3 Bd2 53. Ke2 Bc1 54. Bc3 Kg5 55. Kf3 Kh4 56. Kg2 Be3 57. Kf3 Bh6 58. Kg2 Bc1 59. Be1+ Kg5 60. Kf3 f4 61. Ba5 Be3 62. Bd8 Kf6 63. Ke4 Kf7 64. h4 Bd2 65. h5 Bc1 66. Ba5 Kg7 67. Bd8 Kf7 68. Kf3 Be3 69. Ke4 Bc1 70. Ba5 Kg7 71. Kf3 Be3 72. Bd8 Kf7 73. Bb6 Bc1 74. h6 Kg6 75. Bd8 Kxh6 76. Bxe7 Ba3 77. Kxf4 Kg6 78. Ke4 Kf7 79. Bh4 Ke8 80. Bg5 Bb4 81. Kd3 Ba5 82. Bd2 Bd8 83. Bh6 Kd7 84. Kc4 Bf6 85. Kd3 Bd8 86. Ke4 1/2-1/2

[Event "UZB-ch (Women)"]
[Site "Tashkent"]
[Date "2010.05.16"]
[Round "2"]
[White "Qurbonboeva, Sarvinoz"]
[Black "Khamrakulova, Iroda"]
[Result "1/2-1/2"]
[WhiteElo "2011"]
[BlackElo "2151"]
[PlyCount "116"]
[EventDate "2010.05.16"]
[EventType "tourn"]
[EventRounds "11"]
[EventCountry "UZB"]
[SourceTitle "EXT 2011"]
[Source "ChessBase"]
[SourceDate "2010.11.26"]
[SourceVersion "1"]
[SourceVersionDate "2010.11.26"]
[SourceQuality "1"]

1. c4 Nf6 2. Nc3 e6 3. Nf3 d5 4. d4 Be7 5. Bg5 0-0 6. e3 Nbd7 7. Bd3 b6 8. cxd5 exd5 9. 0-0 Bb7 10. Rc1 c5 11. Bb1 c4 12. Qc2 g6 13. Rfe1 Rc8 14. Nd2 Re8 15. Qd1 a6 16. e4 dxe4 17. Ndxe4 b5 18. a3 Qb6 19. Be3 Nxe4 20. Nxe4 Bxe4 21. Bxe4 Bxa3 22. Bxg6 hxg6 23. bxa3 Qd6 24. Qg4 Nf6 25. Qf4 Qxf4 26. Bxf4 Nd5 27. Be3 Re6 28. Kf1 Kf8 29. Bd2 Ke7 30. Rxe6+ Kxe6 31. Re1+ Kd6 32. Ke2 Ra8 33. Kd1 a5 34. Kc2 b4 35. Ra1 b3+ 36. Kb2 Nb6 37. a4 Kd5 38. Kc3 Re8 39. Be3 Rc8 40. Bd2 f6 41. h4 Rh8 42. g3 Re8 43. Be3 Ke4 44. Re1 Nxa4+ 45. Kxc4 Kf3 46. Kxb3 Nb6 47. Ra1 a4+ 48. Kc2 Ra8 49. Ra3 Nd5 50. Kb2 Rb8+ 51. Kc2 Ra8 52. Kb2 Ra6 53. Kc2 Rc6+ 54. Kd2 Ra6 55. Kc2 Rc6+ 56. Kd2 Ra6 57. Kc2 Rc6+ 58. Kd2 Ra6 1/2-1/2

[Event "Wch U16 Girls"]
[Site "Kemer"]
[Date "2009.11.21"]
[Round "10"]
[White "Qurbonboeva, Sarvinoz"]
[Black "Butuc, Maria"]
[Result "1/2-1/2"]
[WhiteElo "1988"]
[BlackElo "2204"]
[PlyCount "60"]
[EventDate "2009.11.12"]
[EventType "swiss"]
[EventRounds "11"]
[EventCountry "TUR"]
[SourceTitle "EXT 2010"]
[Source "ChessBase"]
[SourceDate "2010.11.25"]
[SourceVersion "1"]
[SourceVersionDate "2010.11.25"]
[SourceQuality "1"]

1. c4 Nf6 2. Nc3 e6 3. Nf3 Bb4 4. a3 Bxc3 5. bxc3 0-0 6. g3 b6 7. Bg2 Bb7 8. 0-0 c5 9. Qc2 d6 10. d3 Nc6 11. Rd1 Qe7 12. Nd2 Rad8 13. Nb3 Rfe8 14. Bg5 h6 15. Bxf6 Qxf6 16. e4 h5 17. d4 h4 18. Qe2 e5 19. dxc5 dxc5 20. Nd2 Na5 21. Nf1 hxg3 22. hxg3 Qg6 23. Rxd8 Rxd8 24. Rd1 Rxd1 25. Qxd1 Nxc4 26. Qd8+ Kh7 27. Qh4+ Qh6 28. Qe7 Nd6 29. Qxe5 Kg8 30. Qe7 Qf6 1/2-1/2

[Event "Wch U16 Girls"]
[Site "Kemer"]
[Date "2009.11.16"]
[Round "5"]
[White "Kazimova, Narmin Nizami Qizi"]
[Black "Qurbonboeva, Sarvinoz"]
[Result "1-0"]
[WhiteElo "2214"]
[BlackElo "1988"]
[PlyCount "60"]
[EventDate "2009.11.12"]
[EventType "swiss"]
[EventRounds "11"]
[EventCountry "TUR"]
[SourceTitle "EXT 2010"]
[Source "ChessBase"]
[SourceDate "2010.11.25"]
[SourceVersion "1"]
[SourceVersionDate "2010.11.25"]
[SourceQuality "1"]

1. Nf3 Nf6 2. c4 g6 3. Nc3 Bg7 4. g3 d6 5. d4 0-0 6. Bg2 Nbd7 7. 0-0 c5 8. e4 cxd4 9. Nxd4 Ne5 10. b3 Bg4 11. f3 Bd7 12. Be3 Nc6 13. Qd2 Qc8 14. Rfd1 Re8 15. Rac1 Bh3 16. Bh1 Nd7 17. Nde2 Nde5 18. Nf4 Bd7 19. Nce2 f5 20. exf5 Bxf5 21. b4 Nf7 22. b5 Nce5 23. c5 Qd7 24. g4 Bxg4 25. fxg4 Qxg4+ 26. Ng3 Ng5 27. Qe2 Nef3+ 28. Bxf3 Nxf3+ 29. Kg2 e5 30. Nxg6 Nxh2 1-0

[Event "Wch U16 Girls"]
[Site "Kemer"]
[Date "2009.11.13"]
[Round "2"]
[White "Qurbonboeva, Sarvinoz"]
[Black "Shvayger, Yuliya"]
[Result "1/2-1/2"]
[WhiteElo "1988"]
[BlackElo "2202"]
[PlyCount "59"]
[EventDate "2009.11.12"]
[EventType "swiss"]
[EventRounds "11"]
[EventCountry "TUR"]
[SourceTitle "EXT 2010"]
[Source "ChessBase"]
[SourceDate "2010.11.25"]
[SourceVersion "1"]
[SourceVersionDate "2010.11.25"]
[SourceQuality "1"]

1. c4 e5 2. Nc3 Nf6 3. g3 Bb4 4. Bg2 0-0 5. Nf3 Nc6 6. 0-0 e4 7. Ne1 Bxc3 8. dxc3 Re8 9. Nc2 d6 10. Bg5 h6 11. Bxf6 Qxf6 12. Ne3 Qd8 13. Qc2 f5 14. Rad1 Be6 15. c5 Qe7 16. cxd6 cxd6 17. Nd5 Qf7 18. Qd2 Ne5 19. b3 Rad8 20. c4 Rc8 21. Nf4 Rc5 22. Qe3 Ra5 23. Rd2 b6 24. Qc3 Rc5 25. Rfd1 Qe7 26. Nxe6 Qxe6 27. Rd5 Nf7 28. Bh3 g6 29. Qe3 Qf6 30. Qd4 1/2-1/2

[Event "Wch U14 Girls"]
[Site "Vung Tau"]
[Date "2008.10.27"]
[Round "8"]
[White "Vasiljeva, Sofija"]
[Black "Qurbonboeva, Sarvinoz"]
[Result "1/2-1/2"]
[WhiteElo "1842"]
[BlackElo "1999"]
[PlyCount "93"]
[EventDate "2008.10.20"]
[EventType "swiss"]
[EventRounds "11"]
[EventCountry "VIE"]
[SourceTitle "EXT 2009"]
[Source "ChessBase"]
[SourceDate "2008.11.26"]
[SourceVersion "1"]
[SourceVersionDate "2008.11.26"]
[SourceQuality "1"]

1. d4 Nf6 2. c4 g6 3. Nc3 Bg7 4. e4 d6 5. Nf3 0-0 6. h3 Nbd7 7. Be2 e5 8. d5 Nc5 9. Bg5 a5 10. Nd2 h6 11. Be3 Nfd7 12. g4 b6 13. h4 Nb8 14. h5 f5 15. exf5 gxf5 16. gxf5 Bxf5 17. Bxc5 bxc5 18. Nde4 Qe8 19. Qd2 Nd7 20. 0-0-0 Nb6 21. Rdg1 Kh8 22. Rg3 Bh7 23. Rhg1 Rf7 24. Bf1 Na4 25. Bd3 Nxc3 26. Qxc3 Qf8 27. Qe1 Rb8 28. R1g2 Rf3 29. Rxg7 Rxd3 30. Rxh7+ Kxh7 31. Nf6+ Qxf6 32. Qe4+ Kh8 33. Qxd3 Rb4 34. b3 a4 35. Kc2 Rb8 36. Qg6 axb3+ 37. axb3 Rf8 38. Kd3 Qxg6+ 39. Rxg6 Kh7 40. Re6 Rf3+ 41. Ke2 Rxb3 42. Re7+ Kg8 43. Rxc7 Rc3 44. Rd7 Rxc4 45. Rxd6 Rd4 46. Rxh6 Rxd5 47. Rc6 1/2-1/2